Oha in Mbaise-igbo: : a socio-linguistic perspective
Saved in:
| Hovedforfatter: | |
|---|---|
| Format: | Bog |
| Sprog: | engelsk |
| Udgivet: |
Humanities Research Centre
1998.
|
| Tags: |
Tilføj Tag
Ingen Tags, Vær først til at tagge denne postø!
|
MARC
| LEADER | 00000nam a22000007a 4500 | ||
|---|---|---|---|
| 008 | 210525b ||||| |||| 00| 0 eng d | ||
| 020 | |a ISBN: 978-2165-71-9 | ||
| 100 | |a UWALAKA, M. A. | ||
| 245 | |a Oha in Mbaise-igbo: |b : a socio-linguistic perspective |e (African Humanities monographs 3) |g 19p | ||
| 260 | |b Humanities Research Centre |c 1998. |h .- Ibadan |i 643804 |l DT515.45 .I33Uw1 |m Igbo (African people) – Nigeria – Languages |m Rural credit – Nigeria. |m Title. |m Series. |m Sociolinguistics – Nigeria. | ||
| 500 | |a “It includes references”. | ||
| 942 | |a lcc |c BK |e j o ifatola |f 25/ 05/ 2021 | ||
| 952 | |0 0 |1 0 |2 lcc |4 0 |6 DT051545 I33 U W1 |7 0 |9 2428 |a HOL |b HOL |c AF |d 2021-05-25 |l 0 |o DT515.45 .I33Uw1 |p 2021-6279 |r 2021-05-25 00:00:00 |w 2021-05-25 |y BK | ||
| 999 | |c 1266 |d 1266 | ||